Theory, Culture and Society /

Tallennettuna:
Bibliografiset tiedot
Aineistotyyppi: Kausijulkaisu
Kieli:englanti
Julkaistu: Londres, Inglaterra : Sage, 2016
Aiheet:
Linkit:Ver documento en línea
Tagit: Lisää tagi
Ei tageja, Lisää ensimmäinen tagi!

MARC

LEADER 00000nas^a2200000^a^4500
001 000386552
005 20260415000000.0
009 20260415153803.887
022 |a 1460-3616 
037 |a Acervo ITESO - Biblioteca 
041 |a ING 
094 |a 1212-e 
245 0 0 |a Theory, Culture and Society / 
264 1 |a Londres, Inglaterra :  |b Sage,  |c 2016 
300 |a 1 revista electrónica en línea (volúmenes) 
300 |a 1 recurso en línea 
310 |a Bimestral 
336 |a datos para computadora  |b cod  |2 rdacontenido 
337 |a computadora  |b c  |2 rdamedio 
338 |a recurso en línea  |b cr  |2 rdasoporte 
362 |a V. 33, N° 1 (enero 2016)-V. 33, N° 7-8 (diciembre 2016) 
599 |a Existen algunos números clasificados como libros 
599 |a No vigente 
649 |a XX 
650 |a Cultura -  |x Publicaciones Periódicas Inglesas -  |x Tema Principal 
650 |a Sociología -  |x Publicaciones Periódicas Inglesas -  |x Tema Principal 
650 |a Ciencias Sociales -  |x Publicaciones Periódicas -  |x Tema Principal 
650 |a Publicaciones Periódicas Inglesas 
856 4 0 |u https://tcs.sagepub.com/  |y Ver documento en línea 
910 |a Fondo General 
920 |a Electrónicos - Periódicas en Línea 
930 |a Plataforma Digital 
905 |a 206 
902 |a https://opac.biblio.iteso.mx/vufind/Record/000386552